000 00536nam a22001817a 4500
005 20260428084934.0
008 260428b |||||||| |||| 00| 0 eng d
040 _aDLSCC
041 _aasm
041 _aeng
110 _aASSEB
_bEconomics.
245 _aHS 1st year Economics 2026.
260 _aAssam:
_bAssam State School Education Board;
_c2026.
300 _a16p.
650 _aEconomics
856 _uhttps://drive.google.com/file/d/1dYVp_0swIHrFY8obM1DX_x8kDZrLDs0D/view?usp=sharing
_yCLICK TO VIEW ONLINE
942 _2ddc
_cQP
999 _c16437
_d16437